[Event "Dortmund Sparkassen op-C 47th"]
[Site "Dortmund"]
[Date "2019.07.14"]
[Round "2"]
[White "Kommessin, Sabine"]
[Black "Foeing, Sebastian"]
[Result "1-0"]
[WhiteElo "828"]
[BlackElo "1121"]
[PlyCount "69"]
[EventDate "2019.07.13"]
[EventType "swiss"]
[EventRounds "9"]
[EventCountry "GER"]
[SourceTitle "CBM 192 Extra"]
[Source "Chessbase"]
[SourceDate "2019.11.06"]
[SourceVersion "1"]
[SourceVersionDate "2019.11.06"]
[SourceQuality "1"]

1. e4 e5 2. Nf3 Nc6 3. Bc4 Nf6 4. d3 g6 5. Ng5 d5 6. exd5 Na5 7. Bb5+ c6 8. dxc6 bxc6 9. Ba4 Bc5 10. h3 Qd4 11. 0-0 Qxa4 12. Qf3 Be7 13. b3 Qd4 14. c3 Qd7 15. b4 Nb7 16. a4 Qd5 17. Qg3 Bd6 18. c4 Qd4 19. Ra2 e4 20. Bf4 Nh5 21. Qh4 Bxf4 22. Re1 Nd6 23. dxe4 Bg3 24. Rd2 Qxc4 25. fxg3 Qxb4 26. g4 Nf6 27. e5 Nde4 28. Rc2 Nxg5 29. exf6+ Kd8 30. Rd1+ Kc7 31. Qxg5 Qxa4 32. Rdc1 Qe4 33. Nc3 Qd4+ 34. Kh1 Bb7 35. Nb5+ 1-0